Čy dovho šče-

Bibliographic Details
Main Author: Ukrajinka, Lesja, 1871-1913 (Author)
Format: Article
Language:Ukrainian
Subjects:

MARC

LEADER 00000nab a2200000 4500
001 vtls011768761
003 SK-MaSNL
005 20260303193630.0
008 180724c2018 xo zr|p || ||00 c0ukr
015 |a SNBRB2018/07 
038 |a SVKPOCL 
040 |a SVKPOCL  |b slo  |c SVKPOCL  |e rda 
041 0 |a ukr 
044 |a xo  |c SK 
072 7 |a 821.161  |x Východoslovanské literatúry  |2 konspekt 
080 |a 821.161.2-1  |2 2011 
100 1 |a Ukrajinka, Lesja,  |d 1871-1913  |4 aut  |9 234196 
245 1 0 |a Čy dovho šče-  |c Lesja Ukrajinka 
336 |a text  |b txt  |2 rdacontent 
337 |a bez média  |b n  |2 rdamedia 
338 |a zväzok  |b nc  |2 rdacarrier 
650 0 7 |a ukrajinská literatúra  |2 SNKPH  |9 1218 
650 0 7 |a ukrajinské básne  |2 svkpocl  |9 857154 
650 0 7 |a ukrajinská poézia  |2 SNKPH  |9 59029 
773 0 |t Veselka  |g Roč. 66, č. 10 (2017/2018), s. [12] 
852 |a SVKPO  |b KIS3GCP 
958 |a SS 
958 |a UA 
958 |a LX 
999 |c 2153404  |d 2155334